| 000 | 01244cam a2200253 4500 | ||
|---|---|---|---|
| 001 | ABS63442 | ||
| 008 | 000000n2000 000 0 eng u | ||
| 035 | _a(Sirsi) u110610 | ||
| 245 | _aLandlord and Tenant Covenants Act 1995 - Part 1: privity of contract, AGAs, overriding leases, etc. | ||
| 260 | _c2000 | ||
| 490 |
_aCommercial Property _v3(5) December 2000, 2-7(6) |
||
| 520 | _aThe first half of a two part article which looks at the key sections of the Landlord and Tenant Covenants Act 1995. Part 1 discusses the abolition of 'privity of contract', also known as 'the original tenant liability rule'; the introduction of authorised guarantee agreements or AGAs; changes to the law on the assignment of leases; serving former tenants and guarantors with s17 notices; and the introduction of overriding leases. Practical tips on the Act are given together with recent case law. | ||
| 590 | _aABS | ||
| 650 | _aASSIGNMENT | ||
| 650 | _aAUTHORISED GUARANTEE AGREEMENTS | ||
| 650 | _aCASE LAW | ||
| 650 | _aLANDLORD AND TENANT COVENANTS ACT 1995 | ||
| 650 | _aLEASES | ||
| 650 | _aOVERRIDING LEASES | ||
| 650 | _aPRIVITY OF CONTRACT | ||
| 650 | _aSECTION 17 NOTICES | ||
| 690 | _aPROPERTY-LANDLORD AND TENANT | ||
| 942 | _n0 | ||
| 999 |
_c65916 _d65916 |
||